Carregant...

Selected lectures /

Dades bibliogràfiques
Autor principal: Srinivasan, M R
Format: Printed Book
Idioma:English
LEADER 00350nam a2200097Ia 4500
008 121027s9999 xx 000 0 eng d
082 |a 539.70924  |b SRI/S 
100 |a Srinivasan, M R 
245 |a Selected lectures / 
999 |c 67305  |d 67305 
952 |0 0  |1 0  |4 0  |6 539_709240000000000_SRI_S  |7 0  |9 67282  |a UL  |b UL  |c ST2  |d 2012-10-27  |l 0  |o 539.70924 SRI/S  |p G6164  |r 2012-10-27  |w 2012-10-27  |y BK